| 000 | 00451nam a22001697a 4500 | ||
|---|---|---|---|
| 003 | CEME | ||
| 005 | 20240815125535.0 | ||
| 008 | 210129b xxu||||| |||| 00| 0 eng d | ||
| 040 | _c. | ||
| 082 | _a891.42 SAI | ||
| 100 |
_aZafar Maqbook, Mian _980700 |
||
| 245 |
_aSaif ul malook: _6Mian Muhammad Buksh |
||
| 260 |
_aLAHORE _bSHAIKH GHULAM ALI _c2000 |
||
| 300 | _a1024P | ||
| 650 |
_aPUNJABI POETRY WITH URDU TRANSLATION _980701 |
||
| 942 |
_cBK _2ddc |
||
| 999 |
_c585595 _d585595 |
||